000
00268nam a2200109Ia 4500
008
190216s9999||||xx |||||||||||||| ||und||
100
_a
Ramakumar R
245
0
_a
Janaperuppavum Preshnangalum
260
_b
Indian Population Project
650
_a
Economics
942
_c
BK
999
_c
40497
_d
40497